<?xml version="1.0" encoding="UTF-8"?>
<collection xmlns="http://www.loc.gov/MARC21/slim">
 <record>
  <leader>00592cam a2200169 7i4500</leader>
  <controlfield tag="001">0000003753</controlfield>
  <controlfield tag="005">20050517090000.0</controlfield>
  <datafield tag="020" ind1="0" ind2="0">
   <subfield code="a">9251022844 </subfield>
  </datafield>
  <datafield tag="090" ind1="0" ind2="0">
   <subfield code="a">SH 331 </subfield>
   <subfield code="b">F2</subfield>
  </datafield>
  <datafield tag="110" ind1="2" ind2="0">
   <subfield code="a">Committe on Fisheries 16th session 1985 Rome</subfield>
  </datafield>
  <datafield tag="245" ind1="2" ind2="0">
   <subfield code="a">Report of the Sixteenth Session of the Committee on Fisheries, Rome, 22-26 April 1985.</subfield>
  </datafield>
  <datafield tag="260" ind1="0" ind2="0">
   <subfield code="a">Rome: </subfield>
   <subfield code="b">FAO, </subfield>
   <subfield code="c">1985.</subfield>
  </datafield>
  <datafield tag="300" ind1="#" ind2="#">
   <subfield code="a">46 p.; </subfield>
   <subfield code="c">30 cm..</subfield>
  </datafield>
  <datafield tag="490" ind1="0" ind2="0">
   <subfield code="a">FAO fisheries report; </subfield>
   <subfield code="v">no.339</subfield>
  </datafield>
  <datafield tag="650" ind1="0" ind2="0">
   <subfield code="a">Fisherie -- </subfield>
   <subfield code="x">Congresses </subfield>
  </datafield>
  <datafield tag="710" ind1="2" ind2="1">
   <subfield code="a">Food and Agriculture Organization of the United Nations </subfield>
  </datafield>
  <datafield tag="999" ind1=" " ind2=" ">
   <subfield code="a">1000395008</subfield>
   <subfield code="b">Book</subfield>
   <subfield code="c">Open Shelf</subfield>
   <subfield code="e">KOLEKSI TERBUKA</subfield>
  </datafield>
 </record>
</collection>
